• 首页
  • 本馆介绍
  • 公告通知
  • 最新文献
  • 馆藏检索
  • 电子资源
  • 读者导购
  • 参考咨询
  • 我的图书馆
  • 登录
  • 详细信息显示
  • 放入我的书架
  • 预约/预借图书
  • 作者相关作品
  • 分类相关作品
  • 丛书相关作品
  • 出版社相关作品

书目信息

  • 表格格式
  • 工作单格式
  • 卡片格式
题名:
古代社会
    
 
作者: 摩尔根 著 ;杨东莼 译
分册: 上册  
出版信息: 北京   商务印书馆  1977
页数: 276页
开本: 20cm
丛书名:
单 册:
中图分类: K11 , K02 , C91
科图分类:
主题词: 古代社会 , 社会学
电子资源:
ISBN:
000 00647nam0 2200241 450
005 20150126114532.21
091    @a11017.342@dCNY1.85
100    @a20060218d1977 kemy0chiy0121 ea
101 1  @achi@ceng
102    @aCN@b110000
105    @af z 000yy
200 1  @a古代社会@9gu dai she hui@e新译本@h上册@f(美)H.摩尔根著@g杨东莼等译
210    @a北京@c商务印书馆@d1977
215    @a276页@c图表@d20cm
606 0  @a古代社会
606 0  @a社会学
690    @aK11@v5
690    @aK02@v5
690    @aC91@v4
701  1 @a摩尔根@9mo er gen@bH.@4著
702  0 @a杨东莼@9yang dong chun@4译
801  0 @aCN@bTSSF@c20150126
905    @dC91@eJY85:1
    
    古代社会:新译本.上册/(美)H.摩尔根著/杨东莼等译.-北京:商务印书馆,1977
    276页:图表;20cm
    
    
    ISBN :
    
●
相关链接 在E读中查询图书 在五车中查询图书 在当当中查询图书 在豆瓣中查询图书


正题名:古代社会     索取号:C91/JY85:1         预约/预借

序号 登录号 条形码 馆藏地/架位号 状态 备注
1 7860048   278600480   学院路分馆/ [索取号:C91/JY85:1] 在馆    
唐山师范学院图书馆 欢迎您!
大连网信软件有限公司© 版权所有